| 000 | 01025nam a2200241Ia 4500 | ||
|---|---|---|---|
| 999 |
_c36247 _d36247 |
||
| 001 | 2151 | ||
| 003 | GE_BSU | ||
| 005 | 20190506161230.0 | ||
| 008 | 181216s1999||||ge |||||||||||||| ||geo|| | ||
| 040 | _cGE_BSU | ||
| 041 | _ageo | ||
| 080 | _a347.4 ა–97 | ||
| 100 |
_aახვლედიანი, ზურაბ _9807 |
||
| 245 |
_aვალდებულებითი სამართალი / _cზურაბ ახვლედიანი ; რედ.: ლადო ჭანტურია, ბესო ზოიძე. |
||
| 250 | _aმე-2 გამოცემა | ||
| 264 |
_aთბილისი : _bსამართალი, _c1999. |
||
| 300 |
_a286 გვ.; _b20 სმ. |
||
| 653 | _aსამართალი | ||
| 653 | _aვალდებულებითი სამართალი | ||
| 700 |
_aჭანტურია, ლადო _d _eრედაქტორი _9808 |
||
| 700 |
_aზოიძე, ბესო _eრედაქტორი _9809 |
||
| 942 |
_cBK _2udc |
||